000 00468nam a2200193Ia 4500
005 20250423095538.0
008 250422s9999 xx 000 0 und d
020 _a9781455748020
050 _aQM 25 .G72/
100 _aDrake, Richard L...[et al.]
245 0 _aGray’s atlas of anatomy
250 _a2nd ed.
260 _aPhiladelphia
260 _bChurchill Livingstone
260 _c2015
300 _a626 p
650 _aAnatomy--Atlases.
942 _cBK
999 _c30601
_d30601